000 00484nam a2200181Ia 4500
003 GCL
008 140319s9999 xx 000 0 ara d
040 _aGCL /
_cGCL
082 0 4 _a891.7
_bت ل
100 1 _aسامى الدروبى (مترجم)
245 1 0 _aلحن كرويتزر /
_cسامى الدروبى (مترجم)
700 1 _aتولستوى، ليو
300 _a203 ص
490 _a
650 0 4 _aالادب
650 0 4 _aالادب الروسى
942 _2ddc
_cBK
999 _c40159
_d40159